000 01169nab a22002537a 4500
999 _c6017
_d6017
003 OSt
005 20260116182146.0
008 190605e xxu||||| |||| 00| 0 spa d
040 _cPJ
100 _95229
_aFera, Mario S.
245 1 3 _aLa protección del trabajo dependiente en nuestro país, tras las modificaciones producidas por la ley 27.742 /
_cMario S. Fera.
260 _aCiudad Autónoma de Buenos Aires :
_bThomson Reuters La Ley,
_c2025.
300 _ap. 5-12
500 _aCita Online: Cita: TR LALEY AR/DOC/1023/2025.
505 _aSumario: I. Introducción.— II. Desarrollo.— III. Las bases o ejes que surge de la Ley de Contrato de Trabajo.— IV. En resumen.
505 _t¿Te interesa el texto completo? Solicitalo al correo: koha@justierradelfuego.gov.ar
650 0 _91316
_aDERECHO LABORAL
650 0 _91323
_aCONTRATO DE TRABAJO
650 0 _aCONDICIONES DE TRABAJO
_91319
650 0 _aDERECHOS DEL TRABAJADOR
_91570
650 0 _aOBLIGACIONES DEL EMPLEADOR
_94184
773 0 _02711
_93168
_dCiudad Autónoma de Buenos Aires : Thomson Reuters La Ley, 1999-2002.
_tRevista de derecho del trabajo. Nº 4 - Julio 2025
942 _2udc
_cANA